Định cấu hình và cài đặt Microsoft Windows 2000 professional hiệu quả nhất
Sách hướng dẫn kỹ thuật toàn diện, giúp cài đặt, lập cấu hình và hỗ trợ Microsoft Windows 2000 professional, hệ điều hành windows dành cho máy tính văn phòng trong môi trường Microsoft windows 2000 server hoặc môi trường khác. Ngoài ra sách còn trìn...
Saved in:
| Format: | Book |
|---|---|
| Language: | Undetermined |
| Published: |
Hà Nội
Thống Kê
2000
|
| Subjects: | |
| Tags: |
Add Tag
No Tags, Be the first to tag this record!
|
| Institutions: | Trung tâm Học liệu Trường Đại học Cần Thơ |
|---|
| LEADER | 01052nam a2200193Ia 4500 | ||
|---|---|---|---|
| 001 | CTU_41624 | ||
| 008 | 210402s9999 xx 000 0 und d | ||
| 020 | |c 63000 | ||
| 082 | |a 005.43769 | ||
| 082 | |b Đ312/2000 | ||
| 245 | 0 | |a Định cấu hình và cài đặt Microsoft Windows 2000 professional hiệu quả nhất | |
| 245 | 0 | |c VN-Guide | |
| 260 | |a Hà Nội | ||
| 260 | |b Thống Kê | ||
| 260 | |c 2000 | ||
| 520 | |a Sách hướng dẫn kỹ thuật toàn diện, giúp cài đặt, lập cấu hình và hỗ trợ Microsoft Windows 2000 professional, hệ điều hành windows dành cho máy tính văn phòng trong môi trường Microsoft windows 2000 server hoặc môi trường khác. Ngoài ra sách còn trình bày cách tuỳ biến và tự động hoá tiến trình tự khởi động hệ điều hành,... | ||
| 650 | |a Operating systems ( computers ) | ||
| 904 | |i Năm | ||
| 980 | |a Trung tâm Học liệu Trường Đại học Cần Thơ | ||